000
00207 a2200097 4500
001
57547
100
_a
245
_a
Kashful MehJoob
260
_a
Karachi
_b
Feroz Sons
_c
2003
090
_c
35277
_d
35277
942
_a
NUST-CAE
_c
MONOGRAPH
_c
28088
999
_c
292620
_d
292620